000 00341nam a2200145 i 4500
001 bg
100 1 _aHAMEL, Georg
245 0 _aTheoretische Mechanik /
_cGeorg Hamel.
260 _aNew York :
_bSpringer-Verlag,
_c1967.
040 _cBPK
041 _apol
080 _a531/534
942 _cKS
008 s pl f |000 0 pol
999 _c21043
_d21043
856 _uhttp://koha.tu.koszalin.pl/cgi-bin/koha/opac-detail.pl?biblionumber=21043
_yKatalog online BPK